000 01813nam0a2200337 4500
001 RU\NLR\BIBL_A\022475074
005 20260406084821.0
010 _a978-5-906680-44-0
_9500
035 _a(NLR Aleph) 022475074
090 _a13371677
_c13371677
100 _a20250228d2024 |||y0rusy50 ca
101 0 _arus
102 _aRU
105 _ay z 000zy
181 0 _ai
_baxxe
182 0 _an
200 1 _aПредставительная демократия: потенциал развития
_eмонография
_fН.Н. Пачина, Д.Р. Закиев, А.Р. Федотов [и др.]
_gМинистерство науки и высшего образования Российской Федерации, Федеральное государственное бюджетное образовательное учреждение высшего образования "Липецкий государственный технический университет"
203 _aТекст
_bвизуальный
_cнепосредственный
210 _aЛипецк
_cВеда-социум
_d2024
215 _a239 с.
_d20
320 _aБиблиогр.: с. 222-239 (123 назв.)
606 1 _aПредставительная демократия
_9946993
_3RU\NLR\AUTH\66351296
686 1 _aХ620.2
686 1 _aФ3(2)1
701 1 _aПачина
_bН. Н.
_cд-р психол. наук, канд. пед. наук
_gНаталия Николаевна
_3RU\NLR\AUTH\770279457
_92651424
701 1 _aЗакиев
_bД.Р.
_gДамир Рамильевич
701 1 _aФедотов
_bА. Р.
_cполитолог
_gАлександр Родионович
_3RU\NLR\AUTH\770279458
_92651425
942 _cBOOK
980 _aNB